All 5k+ cities in Kentucky on a map - Statistics

General Stats
  • This quiz has been taken 18 times
  • The average score is 24 of 80
Answers on the Map
Answers color-coded by a green-red scale on the quiz's map according to % correct below.
 
Answer Stats
City Population % Correct
Louisville 633,045
100%
Bowling Green 72,294
87%
Frankfort 28,602
87%
Lexington 322,570
87%
Owensboro 60,183
87%
Covington 40,961
73%
Paducah 27,137
73%
Elizabethtown 31,394
47%
Florence 31,946
47%
Franklin 10,176
47%
Georgetown 37,086
47%
Henderson 27,981
47%
Hopkinsville 31,180
47%
Jeffersontown 28,474
47%
Murray 17,307
40%
Newport 14,150
40%
Richmond 34,585
40%
Ashland 21,625
33%
Bardstown 13,567
33%
Berea 15,539
33%
Central City 5,819
33%
Corbin 7,856
33%
Glasgow 15,014
33%
London 7,572
33%
Mayfield 10,017
33%
Mount Washington 18,090
33%
Oak Grove 7,931
33%
Pikeville 7,754
33%
Shelbyville 17,282
33%
Shepherdsville 14,201
33%
Campbellsville 11,426
27%
Danville 17,234
27%
Fort Thomas 17,438
27%
Hazard 5,263
27%
La Grange 10,067
27%
Madisonville 19,542
27%
Morehead 7,151
27%
Mount Sterling 7,558
27%
Nicholasville 31,093
27%
Paris 10,171
27%
Radcliff 23,042
27%
Russellville 7,164
27%
Shively 15,636
27%
St. Matthews 17,534
27%
Union 7,416
27%
Versailles 10,347
27%
Winchester 19,134
27%
Erlanger 19,611
20%
Harrodsburg 9,064
20%
Independence 28,676
20%
Leitchfield 6,404
20%
Middlesboro 9,405
20%
Somerset 11,924
20%
Vine Grove 6,559
20%
Williamsburg 5,326
20%
Alexandria 10,341
13%
Bellevue 5,548
13%
Cold Spring 6,219
13%
Crestwood 6,183
13%
Cynthiana 6,333
13%
Dayton 5,666
13%
Douglass Hills 5,456
13%
Edgewood 8,435
13%
Elsmere 9,159
13%
Flatwoods 7,325
13%
Fort Mitchell 8,702
13%
Fort Wright 5,851
13%
Hillview 8,622
13%
Lawrenceburg 11,728
13%
Lebanon 6,274
13%
Lyndon 11,008
13%
Maysville 8,873
13%
Middletown 9,706
13%
Monticello 5,753
13%
Princeton 6,270
13%
Taylor Mill 6,873
13%
Villa Hills 7,310
13%
Walton 5,460
13%
Wilmore 5,999
13%
Highland Heights[81] 6,662
0%
No matching quizzes found
Score Distribution
Percent of People with Each Score
Percentile by Number Answered
Your Score History
You have not taken this quiz